<The> effect of real exchange rates and their volatilities on the selected agricultural commodity exports <a> case study on Turkey, 1971-2010

Vplyv nestálosti výmenných kurzov a reálneho výmenného kurzu na bilaterálne exportné toky z Turecka do 46 krajín. Export vybraných poľnohospodárskych komodít do krajín v rokoch 1971-2010.

Salvato in:
Dettagli Bibliografici
Autore principale: Yanikkaya, Halit
Altri autori: Kaya, Huseyin, Kocturk, Osman Murat
Natura: Capitolo di libro
Lingua:inglese
Soggetti:
Tags: Aggiungi Tag
Nessun Tag, puoi essere il primo ad aggiungerne!!

MARC

LEADER 00000naa a2200000 4500
001 0173921
005 20231211070948.1
041 0 |a eng 
044 |a CZ 
245 1 0 |a <The> effect of real exchange rates and their volatilities on the selected agricultural commodity exports  |b <a> case study on Turkey, 1971-2010  |c Halit Yanikkaya, Huseyin Kaya, Osman Murat Kocturk 
520 |a Vplyv nestálosti výmenných kurzov a reálneho výmenného kurzu na bilaterálne exportné toky z Turecka do 46 krajín. Export vybraných poľnohospodárskych komodít do krajín v rokoch 1971-2010. 
610 2 0 |a výrobky poľnohospodárske 
610 2 0 |a Turecko 
610 2 0 |a vývoz 
610 2 0 |a kurz výmenný 
610 2 0 |a kurz výmenný pohyblivý 
610 2 0 |a obchod 
100 1 |a Yanikkaya, Halit 
700 1 |a Kaya, Huseyin 
700 1 |a Kocturk, Osman Murat